Estudio empírico de penas en Chile

Saved in:
Bibliografiske detaljer
Main Authors: Hurtado E., Paula (Author), Jünemann P., Francisca (Author)
Format: Bog
Sprog:spansk
Udgivet: Santiago Fundación Paz Ciudadana 2001
Fag:
Tags: Tilføj Tag
Ingen Tags, Vær først til at tagge denne postø!

MARC

LEADER 00000nam a2200000 a 4500
001 UCM4255
003 CL-VaPUC
008 020809e20010000CL |||||||||||||||||spa|d
082 0 4 |a 345.830773  |b HUR  |2 21 
100 |a Hurtado E., Paula  |e author  |9 470767 
700 0 |a Jünemann P., Francisca  |e author  |9 470768 
245 1 0 |a Estudio empírico de penas en Chile 
300 |a 276 p 
942 |c BK 
945 |d 20020809 00:00:00  |a vberengu 
260 |a Santiago  |b Fundación Paz Ciudadana  |c 2001 
650 7 |a PENAS - CHILE  |2 CL-VaPUC  |9 470769 
650 0 |a Aplicación de la pena  |9 336797 
650 0 |a Delitos  |9 224143 
583 |a last modification  |c 20020809 00:00:00  |k Rodrigo Vera 
999 |c 301046  |d 301044 
952 |0 0  |1 0  |4 0  |6 345_830773000000000_HUR_2001  |7 0  |8 A  |9 359690  |a BIBDER  |b BIBDER  |d 2019-11-21  |i 3829111  |o 345.830773 HUR 2001  |p 3829111  |r 2023-01-25  |w 2019-11-21  |y BK  |k DER